LIBRARY & INFORMATION CENTRE, KCAET, TAVANUR

ONLINE PUBLIC ACCESS CATALOGUE (OPAC)

Assessment of Evapotranspiration Models for the Humid Tropical Region of Tavanur (Record no. 14900)

MARC details
000 -LEADER
fixed length control field 00698nam a22001817a 4500
003 - CONTROL NUMBER IDENTIFIER
control field OSt
088 ## - REPORT NUMBER
Report number T 393
100 ## - MAIN ENTRY--AUTHOR NAME
Personal name PRAVALIKA Y.R
245 ## - TITLE STATEMENT
Title Assessment of Evapotranspiration Models for the Humid Tropical Region of Tavanur
260 ## - PUBLICATION, DISTRIBUTION, ETC. (IMPRINT)
Place of publication Tavanur 2017
Name of publisher Department of Irrigation and Drainage Engineering
300 ## - PHYSICAL DESCRIPTION
Number of Pages 98
500 ## - GENERAL NOTE
General note Assessment of Evapotranspiration Models for the Humid Tropical Region of Tavanur
520 ## - SUMMARY, ETC.
Summary, etc Assessment of Evapotranspiration Models for the Humid Tropical Region of Tavanur
700 ## - ADDED ENTRY--PERSONAL NAME
Personal name Dr. Asha Joseph (Guide)
856 ## - ELECTRONIC LOCATION AND ACCESS
Uniform Resource Identifier https://drive.google.com/open?id=1U-NYgGBPRH7oizDxpt4cZQuOGtB_hEYk
942 ## - ADDED ENTRY ELEMENTS (KOHA)
Koha item type Theses
Holdings
Collection code Home library Current library Shelving location Full call number Accession Number Koha item type Public note
Reference KAUAET KAUAET Reference 631.587 PRA/AS T 393 Theses M.Tech Thesis
free website counter